[Event "35. DSenEM 65+"]
[Site "Bad Wildungen"]
[Date "2023.07.24"]
[Round "8.16"]
[White "Knaak, Joachim"]
[Black "Gollasch, Theo-Heinz"]
[Result "1-0"]
[WhiteElo "2121"]
[BlackElo "1997"]
[PlyCount "67"]
[EventDate "2023.??.??"]
[WhiteTeam "SV Dresden-Leuben"]
[BlackTeam "Hamburger SK von 1830 eV"]

1. d4 d5 2. Bf4 e6 3. e3 Bd6 4. Bg3 Nf6 5. Bd3 O-O 6. Nd2 c5 7. c3 Nc6 8. f4 Ne8 9. Qh5 g6 10. Qh6 Qf6 11. Ngf3 Qg7 12. Qxg7+ Kxg7 13. Ne5 Nxe5 14. fxe5 Be7 15. h4 h5 16. O-O-O Bd7 17. Bf4 Rh8 18. Rdg1 Kf8 19. Nf3 c4 20. Bc2 Ng7 21. g4 hxg4 22. Rxg4 Nh5 23. Bg5 b5 24. Rf1 Ng7 25. Bf6 Rh5 26. e4 Bc6 27. Ng5 Bxf6 28. Rxf6 dxe4 29. Rxf7+ Kg8 30. Rc7 Bd5 31. Nxe4 Bxe4 32. Bxe4 Rf8 33. Bxg6 Rh6 34. Rxa7 1-0

[Event "35. DSenEM 65+"]
[Site "Bad Wildungen"]
[Date "2023.07.24"]
[Round "8.17"]
[White "Clemens, Christian"]
[Black "Falk, Thomas"]
[Result "1-0"]
[WhiteElo "2225"]
[BlackElo "1996"]
[Annotator "hugo5"]
[PlyCount "85"]
[EventDate "2023.??.??"]
[WhiteTeam "SC Braunschweig Gliesmarode 1869"]
[BlackTeam "SV Oberursel"]

{[%evp 0,85,19,-17,1,4,-7,-17,18,-24,8,-8,18,14,8,25,36,33,21,35,15,20,18,36,36,30,31,21,39,41,33,26,57,31,52,61,67,59,71,71,68,71,103,101,207,202,187,187,160,175,172,164,161,150,135,126,167,157,315,351,348,356,356,359,664,29988,29989,833,840,859,878,457,597,88,70,97,578,405,655,684,675,685,685,699,727,723,2073,2421]} 1. g3 d5 2. Nf3 Nf6 3. Bg2 c6 4. c4 e6 5. b3 Bd6 6. Bb2 O-O 7. O-O Re8 8. d4 Nbd7 9. Nbd2 b6 10. Qc2 Bb7 11. e4 dxe4 12. Nxe4 Nxe4 13. Qxe4 Qc7 14. Rad1 Rad8 15. Ng5 Nf8 16. Rfe1 Qe7 17. f4 Rd7 18. Qc2 h6 19. Ne4 Bb4 20. Re2 Qd8 21. c5 bxc5 22. a3 cxd4 23. axb4 d3 24. Qc3 f5 25. Rxd3 fxe4 26. Bxe4 Qb6+ 27. Kg2 Red8 28. Red2 c5 29. Rxd7 Bxe4+ 30. Kh3 Rxd7 31. Rxd7 Bf5+ 32. g4 Bxg4+ 33. Kxg4 e5 34. Qc4+ Kh8 35. Rf7 Qg6+ 36. Kh4 Ne6 37. Rxa7 Qf6+ 38. Kg4 Nxf4 39. Ra8+ Kh7 40. Qg8+ Kg6 41. Qe8+ Kh7 42. Qxe5 h5+ 43. Kf3 1-0

[Event "35. DSenEM 65+"]
[Site "Bad Wildungen"]
[Date "2023.07.24"]
[Round "8.18"]
[White "Krueger, Norbert"]
[Black "Polster, Wolfgang"]
[Result "1-0"]
[WhiteElo "1971"]
[BlackElo "2223"]
[PlyCount "107"]
[EventDate "2023.??.??"]
[WhiteTeam "Ratinger Schachklub 1950"]
[BlackTeam "SV 03/25 Koblenz"]

1. e4 c6 2. d4 d5 3. exd5 cxd5 4. c4 Nf6 5. Nc3 g6 6. Qb3 Bg7 7. cxd5 O-O 8. Be2 Ne8 9. Nf3 Nd7 10. O-O Ndf6 11. Bf4 Nd6 12. Rfe1 Nfe8 13. h3 Bd7 14. Rac1 Qa5 15. Ne5 Rd8 16. g4 Bc8 17. Bf3 Bf6 18. a4 Qb6 19. Qxb6 axb6 20. Re3 g5 21. Bg3 Nc7 22. Nd1 Na6 23. Rb3 Bd7 24. Nc3 Nc8 25. Nb5 Bxe5 26. dxe5 Nc5 27. Ra3 Nxa4 28. Rxa4 Bxb5 29. Rb4 Ba6 30. Rc7 f6 31. Be4 fxe5 32. Bxe5 Nd6 33. Rxe7 Rf7 34. Bxd6 Rxd6 35. Rxf7 Kxf7 36. Bxh7 Be2 37. Be4 Kf6 38. Kg2 b5 39. Rd4 Ke5 40. Rd2 Bxg4 41. hxg4 Kxe4 42. Kg3 b4 43. b3 Rxd5 44. f3+ Ke5 45. Rxd5+ Kxd5 46. f4 gxf4+ 47. Kxf4 Ke6 48. Kg5 Kf7 49. Kh6 Kg8 50. Kg6 b6 51. Kf6 Kh7 52. g5 Kg8 53. Kg6 b5 54. Kh6 1-0

[Event "35. DSenEM 65+"]
[Site "Bad Wildungen"]
[Date "2023.07.24"]
[Round "8.19"]
[White "Rosen, Willy"]
[Black "Krien, Hartmut"]
[Result "0-1"]
[WhiteElo "2100"]
[BlackElo "1943"]
[PlyCount "68"]
[EventDate "2023.??.??"]
[WhiteTeam "Schachfreunde Essen-Katernberg"]
[BlackTeam "Schachklub Heidenau"]

1. e4 Nf6 2. d3 e5 3. Nf3 d5 4. Nbd2 Bg4 5. Be2 Nc6 6. O-O Bc5 7. c3 O-O 8. b4 dxe4 9. dxe4 Bb6 10. Qc2 a6 11. Nc4 Bxf3 12. Bxf3 Ba7 13. a4 b5 14. Ne3 Ne7 15. Be2 c6 16. Rd1 Qc7 17. Nf1 c5 18. bxc5 bxa4 19. Bg5 Qxc5 20. Ne3 a3 21. Bxf6 gxf6 22. Ng4 Kh8 23. Bf3 Rab8 24. Nxf6 Rb2 25. Qc1 Qxf2+ 26. Kh1 Be3 27. Ng4 Bxc1 28. Nxf2 Rxf2 29. Rdxc1 a2 30. Kg1 Rb2 31. Bd1 Rfb8 32. Kf1 Nc6 33. Rc2 Rxc2 34. Bxc2 Rb2 0-1

[Event "35. DSenEM 65+"]
[Site "Bad Wildungen"]
[Date "2023.07.24"]
[Round "8.20"]
[White "Walther, Reinhard"]
[Black "Haubt, Georg"]
[Result "0-1"]
[WhiteElo "1953"]
[BlackElo "2074"]
[Annotator "hugo5"]
[PlyCount "40"]
[EventDate "2023.??.??"]
[WhiteTeam "SK 1911 Herzogenaurach e.V."]
[BlackTeam "SV Oberursel"]

{[%evp 0,14,25,21,30,0,20,28,34,49,31,31,32,32,27,27,59]} 1. d4 Nf6 2. Bg5 c5 3. d5 Qb6 4. Nc3 Qxb2 5. Bd2 Qb6 6. e4 d6 7. f4 g6 8. Nf3 Bg7 9. Rb1 Qd8 10. Bb5+ Nfd7 11. e5 O-O 12. O-O dxe5 13. Qe2 exf4 14. Rbe1 Nb6 15. Bc4 Bg4 16. Ne4 Nxd5 17. h3 Bxf3 18. Qxf3 Bd4+ 19. Nf2 Ne3 20. c3 Nxc4 0-1

[Event "35. DSenEM 65+"]
[Site "Bad Wildungen"]
[Date "2023.07.24"]
[Round "8.21"]
[White "Seidel, Arnold"]
[Black "Neumann, Joachim"]
[Result "0-1"]
[WhiteElo "1906"]
[BlackElo "2032"]
[Annotator "hugo5"]
[PlyCount "4"]
[EventDate "2023.??.??"]
[WhiteTeam "SV Kali Wolmirstedt"]
[BlackTeam "SC Agon Neumuenster"]

{[%evp 0,2,21,18,43]} 1. e4 c5 2. d4 (2. Nf3 Nc6 3. d4 cxd4 4. Nxd4 Nf6 5. Nc3 e5 6. Nf5 d5 7. exd5 Bxf5 8. dxc6 Qxd1+ 9. Nxd1 bxc6 10. Ne3 Be6 11. Be2 Bc5 12. O-O Ke7 13. Nc4 Nd7 14. Na5 Rac8 15. Rd1 Bb6 16. Nc4 Bc5 17. b3 f6 18. Be3 Bxc4 19. Bxc4 Bxe3 20. fxe3 Nb6 21. Ba6 Rcd8 22. Rd3 Nd5 23. Bb7 Nb4 24. Rc3 Rd7) 2... cxd4 0-1

[Event "35. DSenEM 65+"]
[Site "Bad Wildungen"]
[Date "2023.07.24"]
[Round "8.22"]
[White "Galow, Wolfgang Paul"]
[Black "Lehr, Thomas"]
[Result "1/2-1/2"]
[WhiteElo "2018"]
[BlackElo "1937"]
[Annotator "hugo5"]
[PlyCount "102"]
[EventDate "2023.??.??"]
[WhiteTeam "FC Bayern Muenchen e.V."]
[BlackTeam "Husumer SV von 1898"]

{[%evp 0,20,19,23,19,19,4,5,9,-11,14,22,22,31,209,-2,-2,4,10,14,18,25,10]} 1. Nf3 d5 2. e3 Nf6 3. c4 e6 4. b3 Nbd7 5. Nc3 c6 6. Bb2 Bd6 7. d4 Qe7 8. cxd5 exd5 9. Bd3 Ne4 10. Qc2 Ndf6 11. O-O O-O 12. Ne5 Re8 13. f3 Nxc3 14. Bxc3 g6 15. e4 Be6 16. Qd2 Nd7 17. Nxd7 Qxd7 18. e5 Bf8 19. b4 Bf5 20. a4 Bxd3 21. Qxd3 a6 22. Bd2 Bg7 23. f4 f5 24. a5 Bf8 25. h3 Re6 26. g4 Qf7 27. Kg2 Be7 28. g5 Qf8 29. Rad1 Kf7 30. Qg3 h5 31. gxh6 Qxh6 32. Be1 Rh8 33. Qc3 Qh5 34. Rf3 Qh6 35. Bf2 Qf8 36. Qe1 Rh5 37. h4 Qh6 38. Qc3 Qf8 39. Rh3 Qh6 40. Qe3 Qf8 41. Be1 Qh6 42. Qg3 Qf8 43. Kf3 Qh8 44. Ke2 Qh6 45. Rd3 Qf8 46. Kd1 Qd8 47. Qh2 Qf8 48. Kc2 Qh6 49. Rdf3 Qf8 50. Kd3 Qd8 51. Qc2 Qf8 1/2-1/2

[Event "35. DSenEM 65+"]
[Site "Bad Wildungen"]
[Date "2023.07.24"]
[Round "8.23"]
[White "Boeven, Manfred"]
[Black "Prause, Dieter"]
[Result "1-0"]
[WhiteElo "2007"]
[BlackElo "1779"]
[PlyCount "80"]
[EventDate "2023.??.??"]
[WhiteTeam "Schachfreunde Geilenkirchen 1984"]
[BlackTeam "Schachklub Delbrueck"]

1. d4 Nf6 2. Nc3 g6 3. e4 d6 4. f4 Bg7 5. Nf3 Bg4 6. h3 Bxf3 7. Qxf3 e6 8. e5 Nd5 9. Nxd5 exd5 10. Qxd5 c6 11. Qb3 Qe7 12. Be3 dxe5 13. dxe5 O-O 14. O-O-O b6 15. g4 Nd7 16. Bg2 Rac8 17. Rd6 Rfd8 18. Rhd1 Nb8 19. Qa4 Rxd6 20. Rxd6 c5 21. Qc4 Rd8 22. Rxd8+ Qxd8 23. Qd5 Qxd5 24. Bxd5 Kf8 25. Kd2 Ke7 26. Kd3 f6 27. Ke4 Na6 28. e6 f5+ 29. gxf5 gxf5+ 30. Kxf5 Bxb2 31. Ke4 Bf6 32. f5 Nb4 33. Bb3 c4 34. Bxc4 Nxc2 35. Bd2 a5 36. Bb3 Nb4 37. Be3 b5 38. Bb6 Nc6 39. Bd5 Kd6 40. Bxc6 Kxc6 1-0

[Event "35. DSenEM 65+"]
[Site "Bad Wildungen"]
[Date "2023.07.24"]
[Round "8.24"]
[White "Steinmacher, Josef"]
[Black "Brock, Friedemann"]
[Result "1-0"]
[WhiteElo "1949"]
[BlackElo "2175"]
[PlyCount "45"]
[EventDate "2023.??.??"]
[WhiteTeam "SF Bad Mergentheim"]
[BlackTeam "TSG 1861 Taucha"]

1. c4 e5 2. Nc3 Nf6 3. Nf3 Nc6 4. g3 Bb4 5. Qc2 O-O 6. Bg2 Re8 7. O-O e4 8. Ng5 Nd4 9. Qd1 d5 10. cxd5 Bf5 11. a3 Bc5 12. b4 Bb6 13. e3 Bg4 14. f3 exf3 15. Nxf3 Nxf3+ 16. Bxf3 Bh3 17. Rf2 Qd7 18. Na4 Nxd5 19. Nxb6 axb6 20. Bb2 Re6 21. Bg4 Bxg4 22. Qxg4 g6 23. Qd4 1-0

[Event "35. DSenEM 65+"]
[Site "Bad Wildungen"]
[Date "2023.07.24"]
[Round "8.25"]
[White "Schmidt, Gerhard"]
[Black "Haelsig, Guenter"]
[Result "1/2-1/2"]
[WhiteElo "2071"]
[BlackElo "1894"]
[PlyCount "61"]
[EventDate "2023.??.??"]
[WhiteTeam "Schachverein Kreuztal e. V."]
[BlackTeam "USV Potsdam e.V., Abt. Schach"]

1. e4 Nf6 2. e5 Nd5 3. d4 d6 4. Nf3 dxe5 5. Nxe5 c6 6. Be2 Nd7 7. Nf3 Qc7 8. O-O g6 9. Re1 N7f6 10. Ne5 Bf5 11. a3 Bg7 12. c4 Nb6 13. Bf4 Qc8 14. Nc3 O-O 15. Qd2 Rd8 16. h3 Nfd7 17. Qe3 Re8 18. Rac1 f6 19. Nf3 e5 20. dxe5 Nxe5 21. Nxe5 fxe5 22. Bh6 Bf6 23. Ne4 Bxe4 24. Qxe4 Qf5 25. Bf3 Qxe4 26. Rxe4 Rad8 27. Be3 Nc8 28. c5 Ne7 29. h4 Nf5 30. Bg5 Kf7 31. Rb4 1/2-1/2

[Event "35. DSenEM 65+"]
[Site "Bad Wildungen"]
[Date "2023.07.24"]
[Round "8.26"]
[White "Fleischer, Matthias"]
[Black "Ehlert, Horst"]
[Result "1-0"]
[WhiteElo "1849"]
[BlackElo "2001"]
[Annotator "hugo5"]
[PlyCount "79"]
[EventDate "2023.??.??"]
[WhiteTeam "SF Schwerin"]
[BlackTeam "SV Laatzen"]

{[%evp 0,68,24,19,26,29,27,-21,18,23,31,10,16,16,11,17,12,2,2,-2,-2,-15,6,-15,-9,-9,-28,-25,-25,-37,-37,-37,-18,-35,-43,-39,-19,-19,-15,-19,-12,-23,-22,-33,-20,-38,-37,-34,38,-30,-39,-183,-164,-164,204,204,223,217,220,211,312,312,396,373,809,795,818,835,835,835,843]} 1. d4 Nf6 2. Nf3 d5 3. Bg5 Nbd7 4. e3 e6 5. Nbd2 Be7 6. Bd3 O-O 7. O-O b6 8. c3 Bb7 9. Rc1 c5 10. Re1 Re8 11. Bb5 a6 12. Bxd7 Nxd7 13. Bxe7 Qxe7 14. Nf1 a5 15. Ng3 Red8 16. Rc2 a4 17. a3 Ba6 18. Rd2 Bc4 19. e4 Qf8 20. e5 Qe7 21. Re3 Nb8 22. h4 Nc6 23. Nh5 b5 24. Ng5 h6 25. Rg3 hxg5 26. Rxg5 Qxg5 27. hxg5 cxd4 28. cxd4 Ne7 29. Qg4 Rab8 30. Nf4 g6 31. Nxe6 fxe6 32. Qxe6+ Kf8 33. Qf6+ Kg8 34. Qxe7 Rf8 35. Qd6 Kg7 36. f4 Rb7 37. e6 Re8 38. Qe5+ Kg8 39. g4 Rbe7 40. Rh2 1-0

[Event "35. DSenEM 65+"]
[Site "Bad Wildungen"]
[Date "2023.07.24"]
[Round "8.27"]
[White "48, Helmut"]
[Black "Launert, Martin"]
[Result "1/2-1/2"]
[WhiteElo "1980"]
[BlackElo "1849"]
[PlyCount "69"]
[EventDate "2023.??.??"]
[WhiteTeam "SF Frankfurt 1921"]
[BlackTeam "Sfr. Erbach"]

1. d4 d5 2. Nf3 Nf6 3. c4 dxc4 4. e3 Bg4 5. Bxc4 e6 6. Nbd2 Nbd7 7. Qc2 Be7 8. e4 c6 9. b3 Nb6 10. Bd3 Bxf3 11. Nxf3 Bb4+ 12. Ke2 h6 13. Bb2 O-O 14. Rhd1 Rc8 15. a3 Be7 16. Kf1 Qc7 17. Qe2 Nh7 18. Rac1 Rfd8 19. Kg1 Ng5 20. Ne5 Nd7 21. f4 Nxe5 22. dxe5 Nh7 23. Bc4 Rxd1+ 24. Rxd1 Rd8 25. Rxd8+ Qxd8 26. a4 Bb4 27. f5 Nf8 28. h3 Qd2 29. Qxd2 Bxd2 30. Ba3 Be3+ 31. Kf1 c5 32. b4 b6 33. bxc5 bxc5 34. Bb2 g6 35. g4 1/2-1/2

[Event "35. DSenEM 65+"]
[Site "Bad Wildungen"]
[Date "2023.07.24"]
[Round "8.28"]
[White "Zuehlke, Burkhard"]
[Black "Hartstock, Elmar"]
[Result "1-0"]
[WhiteElo "1980"]
[BlackElo "1831"]
[PlyCount "103"]
[EventDate "2023.??.??"]
[WhiteTeam "SGem 1882 Fuerth"]
[BlackTeam "SC Ansbach 1855 e.V."]

1. d4 d5 2. c4 e6 3. Nf3 Nf6 4. g3 b6 5. cxd5 exd5 6. Bg2 Bb7 7. Nc3 Be7 8. O-O O-O 9. Ne5 Nbd7 10. Qb3 Nxe5 11. dxe5 Ne4 12. Nxe4 dxe4 13. Rd1 Qc8 14. Bf4 g5 15. Be3 Qf5 16. Bd4 Rad8 17. Qc2 Rd7 18. Bc3 Rfd8 19. Rxd7 Rxd7 20. Rd1 Bc5 21. e3 Kf8 22. Rxd7 Qxd7 23. Bxe4 Bxe4 24. Qxe4 g4 25. Kg2 Qd1 26. b4 Be7 27. Qa8+ Bd8 28. Bd4 Ke7 29. Qc6 Kf8 30. Qa8 Ke7 31. h3 gxh3+ 32. Kxh3 Qh5+ 33. Kg2 Qg6 34. Qf3 a6 35. a4 b5 36. axb5 axb5 37. Bc5+ Ke8 38. Qd5 c6 39. Qd4 h6 40. Bd6 Qe6 41. e4 Qc4 42. Qe3 Be7 43. Qf4 Bxd6 44. exd6 Qe6 45. e5 Kd7 46. Qd4 Qd5+ 47. Qxd5 cxd5 48. f4 Ke6 49. Kf3 h5 50. Ke3 f6 51. Kd4 fxe5+ 52. fxe5 1-0

[Event "35. DSenEM 65+"]
[Site "Bad Wildungen"]
[Date "2023.07.24"]
[Round "8.29"]
[White "Hilbig, Dieter"]
[Black "Vasiljev, Jurij"]
[Result "1-0"]
[WhiteElo "1830"]
[BlackElo "1953"]
[PlyCount "150"]
[EventDate "2023.??.??"]
[WhiteTeam "ESV Gera"]
[BlackTeam "Schachfreunde Moers e. V."]

1. e4 d6 2. d4 Nf6 3. Nc3 c6 4. Be2 Qa5 5. f3 e5 6. dxe5 dxe5 7. a3 Be7 8. Bc4 b5 9. Bd3 b4 10. Nce2 bxa3+ 11. Bd2 Qb6 12. bxa3 O-O 13. Nc3 Be6 14. Nh3 c5 15. Ng5 c4 16. Nxe6 Qxe6 17. Be2 Rc8 18. Be3 Rd8 19. Qc1 Qc6 20. O-O Bc5 21. Bxc5 Qxc5+ 22. Kh1 Nc6 23. Rd1 Rd4 24. a4 Rad8 25. Qb2 Qb4 26. Qxb4 Nxb4 27. Bxc4 Nxc2 28. Rac1 Ne3 29. Rxd4 exd4 30. Nd1 Kf8 31. Bb5 g5 32. Kg1 Nxd1 33. Rxd1 h5 34. Kf2 Ne8 35. Rc1 Nd6 36. Rc5 Nxb5 37. axb5 f6 38. Ke2 Ke7 39. Kd3 Re8 40. h4 gxh4 41. Rxh5 Rg8 42. Kxd4 Rxg2 43. Rxh4 Rd2+ 44. Kc5 Rc2+ 45. Kb4 Rb2+ 46. Ka4 Ra2+ 47. Kb3 Ra5 48. Kc4 Ra1 49. Rh7+ Ke6 50. f4 Ra4+ 51. Kd3 Ra3+ 52. Kd4 Ra4+ 53. Ke3 Ra3+ 54. Ke2 a5 55. bxa6 Rxa6 56. Kf3 Ra3+ 57. Kg4 Ra1 58. f5+ Kd6 59. Kh5 Re1 60. Kg6 Rxe4 61. Kxf6 Rg4 62. Re7 Rg1 63. Kf7 Rh1 64. Re2 Rh7+ 65. Kg6 Rh1 66. f6 Rg1+ 67. Kf7 Rf1 68. Kg7 Rg1+ 69. Kf8 Rf1 70. f7 Kd7 71. Re7+ Kd8 72. Re6 Kd7 73. Rg6 Rf2 74. Rg4 Rf1 75. Kg8 Ke6 1-0

[Event "35. DSenEM 65+"]
[Site "Bad Wildungen"]
[Date "2023.07.24"]
[Round "8.30"]
[White "Rache, Ralf"]
[Black "Zilch, Lothar"]
[Result "1-0"]
[WhiteElo "1910"]
[BlackElo "1825"]
[PlyCount "29"]
[EventDate "2023.??.??"]
[WhiteTeam "Aachener Schachverein 1856 e. V."]
[BlackTeam "SV Alsfeld"]

1. e4 e5 2. f4 d5 3. exd5 e4 4. d3 Nf6 5. dxe4 Nxe4 6. Nf3 Bc5 7. Qe2 Qe7 8. Be3 Bxe3 9. Qxe3 O-O 10. Nbd2 Re8 11. O-O-O Qc5 12. Qxc5 Nxc5 13. Bc4 Bg4 14. Rde1 Bxf3 15. Rxe8# 1-0

[Event "35. DSenEM 65+"]
[Site "Bad Wildungen"]
[Date "2023.07.24"]
[Round "8.31"]
[White "Mann, Klaus-Dieter"]
[Black "Dolezal, Hans-Peter"]
[Result "1-0"]
[WhiteElo "1908"]
[BlackElo "1815"]
[PlyCount "77"]
[EventDate "2023.??.??"]
[WhiteTeam "SV Osnabrueck von 1919"]
[BlackTeam "FC Bayern Muenchen e.V."]

1. c4 c5 2. g3 Nf6 3. Bg2 e6 4. e3 Be7 5. Nc3 Nc6 6. Nge2 O-O 7. O-O d5 8. cxd5 exd5 9. d4 c4 10. b3 a6 11. bxc4 dxc4 12. a4 Bg4 13. f3 Bd7 14. e4 Bb4 15. Be3 Ne7 16. Kh1 Qc8 17. Qb1 Bxc3 18. Nxc3 Ng6 19. Qb6 Rb8 20. Rfb1 Bh3 21. a5 Bxg2+ 22. Kxg2 Re8 23. Qb4 Nd7 24. Nd5 Nf6 25. Nb6 Qc6 26. d5 Qc7 27. Rc1 Qe7 28. Rxc4 Ne5 29. Qxe7 Rxe7 30. Rc3 Ng6 31. Rac1 Ree8 32. Rc7 h6 33. Bd4 Re7 34. Bxf6 gxf6 35. d6 Ree8 36. d7 Red8 37. Rc8 Ne7 38. Rxb8 Rxb8 39. Rc8+ 1-0

[Event "35. DSenEM 65+"]
[Site "Bad Wildungen"]
[Date "2023.07.24"]
[Round "8.33"]
[White "Allgaier, Erik"]
[Black "Meinke, Dietlind"]
[Result "1/2-1/2"]
[WhiteElo "1925"]
[BlackElo "1793"]
[PlyCount "53"]
[EventDate "2023.??.??"]
[WhiteTeam "Schachclub Hans Clauert Trebbin"]
[BlackTeam "MTV Leck von 1889"]

1. f4 Nf6 2. g3 d6 3. Bg2 Nc6 4. d3 g6 5. Nf3 Bg7 6. O-O O-O 7. e4 e6 8. Na3 Rb8 9. c3 b5 10. Nc2 a5 11. Qe2 d5 12. e5 Nd7 13. a4 bxa4 14. Ncd4 Nxd4 15. Nxd4 Bb7 16. Rxa4 c5 17. Nf3 Bc6 18. Ra2 Re8 19. g4 f6 20. Re1 fxe5 21. fxe5 h6 22. Qf2 Rf8 23. d4 c4 24. h4 a4 25. h5 g5 26. Re3 Rf4 27. Qg3 1/2-1/2

[Event "35. DSenEM 65+"]
[Site "Bad Wildungen"]
[Date "2023.07.24"]
[Round "8.34"]
[White "Wulf, Adalbert"]
[Black "Moews, Harald"]
[Result "1-0"]
[WhiteElo "1833"]
[BlackElo "1704"]
[PlyCount "55"]
[EventDate "2023.??.??"]
[WhiteTeam "Schachverein Ennigerloh-Oelde"]
[BlackTeam "Ahrensburger TSV"]

1. d4 d5 2. c4 c6 3. cxd5 cxd5 4. Nc3 e6 5. e3 a6 6. Nf3 Nf6 7. Bd3 Be7 8. O-O O-O 9. Qe2 b5 10. a3 Bb7 11. Bd2 g6 12. Ne5 Nbd7 13. f4 Nxe5 14. fxe5 Nh5 15. b4 Bc6 16. Rfc1 Qb6 17. Nd1 Bd7 18. Nf2 Rac8 19. Ng4 Rxc1+ 20. Rxc1 Rc8 21. Rf1 Rf8 22. Rf3 Be8 23. Qf2 Qd8 24. Nf6+ Nxf6 25. exf6 Bd6 26. Qh4 Kh8 27. Qh6 Rg8 28. Rh3 1-0

[Event "35. DSenEM 65+"]
[Site "Bad Wildungen"]
[Date "2023.07.24"]
[Round "8.35"]
[White "Pundt, Wilfried"]
[Black "Bischoff, Ulrich"]
[Result "0-1"]
[WhiteElo "1822"]
[BlackElo "1912"]
[PlyCount "35"]
[EventDate "2023.??.??"]
[WhiteTeam "SK Bremen-Nord"]
[BlackTeam "Sfr. Erbach"]

1. e4 e5 2. d4 exd4 3. c3 dxc3 4. Bc4 Nc6 5. Nf3 Nf6 6. Nxc3 Bb4 7. O-O O-O 8. Bg5 Bxc3 9. bxc3 h6 10. Bh4 d6 11. Qc2 Re8 12. Rad1 Qe7 13. Rfe1 Bg4 14. e5 Nxe5 15. Nxe5 Bxd1 16. Qxd1 dxe5 17. f4 Qc5+ 18. Kf1 0-1

[Event "35. DSenEM 65+"]
[Site "Bad Wildungen"]
[Date "2023.07.24"]
[Round "8.36"]
[White "Ludwig, Richard"]
[Black "Schubert, Hans-Joachim"]
[Result "1/2-1/2"]
[WhiteElo "1489"]
[BlackElo "1534"]
[PlyCount "21"]
[EventDate "2023.??.??"]
[WhiteTeam "SV Irxleben von 1919"]
[BlackTeam "Schachgruppe Rochade Disteln"]

1. e4 d6 2. d4 a6 3. Nf3 e6 4. Nc3 b5 5. a3 Be7 6. Be2 Bb7 7. O-O Nd7 8. Be3 Ngf6 9. Bd3 O-O 10. h3 h6 11. Re1 1/2-1/2

[Event "35. DSenEM 65+"]
[Site "Bad Wildungen"]
[Date "2023.07.24"]
[Round "8.37"]
[White "Tuertmann, Dieter"]
[Black "Krum, Beate"]
[Result "1/2-1/2"]
[WhiteElo "1953"]
[BlackElo "1717"]
[PlyCount "94"]
[EventDate "2023.??.??"]
[WhiteTeam "ESV 1949 Eberswalde e.V."]
[BlackTeam "SG Heidelberg-Kirchheim"]

1. d4 Nf6 2. Nf3 g6 3. Nbd2 d5 4. e3 Bg7 5. Bd3 Nbd7 6. O-O O-O 7. c3 c5 8. Qe2 b6 9. e4 dxe4 10. Nxe4 Bb7 11. Nxf6+ Bxf6 12. Bh6 Re8 13. Be4 Bxe4 14. Qxe4 cxd4 15. cxd4 e6 16. Rfd1 Qe7 17. Ne5 Nxe5 18. dxe5 Bg7 19. Bxg7 Kxg7 20. Rd6 Rac8 21. Rad1 Rc7 22. g3 Rec8 23. R1d2 Qg5 24. h4 Qf5 25. Qxf5 gxf5 26. Rd7 h5 27. Kg2 Kg6 28. a3 Kg7 29. Rxc7 Rxc7 30. f4 Kf8 31. Kf3 Ke7 32. Ke3 Rc8 33. Rd3 Rc7 34. a4 Rc5 35. b3 Rc1 36. Kd2 Rc7 37. Rd4 Rc8 38. b4 Rc7 39. a5 Rc6 40. axb6 Rxb6 41. Rc4 Kd7 42. Kd3 Ra6 43. Rc3 Rb6 44. Ra3 Rxb4 45. Rxa7+ Ke8 46. Ke3 Kf8 47. Ra3 Kg7 1/2-1/2

[Event "35. DSenEM 65+"]
[Site "Bad Wildungen"]
[Date "2023.07.24"]
[Round "8.38"]
[White "Lekakh, Mikhail"]
[Black "Brettschneider, Karl"]
[Result "1/2-1/2"]
[WhiteElo "1804"]
[BlackElo "1949"]
[PlyCount "85"]
[EventDate "2023.??.??"]
[WhiteTeam "Oberbilker Schachverein 1960"]
[BlackTeam "SC Leinfelden"]

1. e4 c5 2. Nf3 d6 3. Bb5+ Bd7 4. Bxd7+ Qxd7 5. O-O Nc6 6. b3 e5 7. Re1 Be7 8. Nc3 Nf6 9. d3 h5 10. h3 O-O-O 11. Ng5 Rdf8 12. Be3 Nd4 13. a4 Ne6 14. Qb1 Ne8 15. Nxe6 Qxe6 16. b4 Nc7 17. Nb5 a6 18. Nxc7 Kxc7 19. a5 Ra8 20. f4 f6 21. f5 Qd7 22. bxc5 dxc5 23. Qb6+ Kc8 24. Bxc5 Bxc5+ 25. Qxc5+ Qc6 26. Qb4 Kd7 27. Reb1 Rab8 28. Ra2 Rhc8 29. Kh2 Rc7 30. Rab2 Qd6 31. Qa4+ Qc6 32. Qb3 Ke7 33. Kg3 Kf8 34. Kf3 g5 35. Qa2 Kg7 36. Ke2 Rbc8 37. c4 Rd8 38. Rb6 Qd7 39. Qc2 Qe7 40. Qb3 Rdd7 41. Re6 Qc5 42. Qb6 Qa3 43. Rb3 1/2-1/2

[Event "35. DSenEM 65+"]
[Site "Bad Wildungen"]
[Date "2023.07.24"]
[Round "8.39"]
[White "Kube, Hannelore"]
[Black "Wagner, Guenter"]
[Result "1/2-1/2"]
[WhiteElo "1916"]
[BlackElo "1709"]
[PlyCount "24"]
[EventDate "2023.??.??"]
[WhiteTeam "SV Medizin Erfurt"]
[BlackTeam "SV 1946 Gross-Gerau"]

1. c4 e5 2. Nc3 d6 3. g3 f5 4. Bg2 Nf6 5. e3 Be7 6. d4 e4 7. Nge2 O-O 8. O-O c6 9. f3 d5 10. cxd5 cxd5 11. Qb3 Kh8 12. Nf4 Nc6 1/2-1/2

[Event "35. DSenEM 65+"]
[Site "Bad Wildungen"]
[Date "2023.07.24"]
[Round "8.40"]
[White "Josting, Friedel"]
[Black "Zimmermann, Manfred"]
[Result "0-1"]
[WhiteElo "1795"]
[BlackElo "1888"]
[PlyCount "98"]
[EventDate "2023.??.??"]
[WhiteTeam "Schachgemeinschaft Buende 1945"]
[BlackTeam "Kieler Schachgesellschaft v.1884"]

1. c4 e6 2. d4 d5 3. e3 Nf6 4. Nf3 Be7 5. Bd3 b6 6. O-O Bb7 7. b3 Nbd7 8. Bb2 O-O 9. Nbd2 Ne4 10. cxd5 exd5 11. Rc1 f5 12. Ne5 c5 13. f3 Nd6 14. Qe1 Bf6 15. Qg3 Qe7 16. f4 Ne4 17. Nxe4 fxe4 18. Bb5 Bc8 19. Ba3 Bh4 20. Qh3 Nxe5 21. f5 Nd3 22. Bxd3 exd3 23. dxc5 Bf6 24. Qf3 Rd8 25. Rcd1 Ba6 26. b4 Rac8 27. g4 Bc4 28. Qf2 Qe4 29. h3 Re8 30. Bc1 bxc5 31. bxc5 Rxc5 32. Qg3 Be5 33. Qh4 Bf6 34. Qg3 Qe7 35. Ba3 Qc7 36. Qg2 Ra5 37. Bc1 Rxa2 38. Rf2 Rxf2 39. Kxf2 Bh4+ 40. Kg1 Qg3 41. Qxg3 Bxg3 42. Kg2 Bh4 43. Bd2 Bg5 44. Kf3 Rb8 45. e4 dxe4+ 46. Kxe4 Bb3 47. Bxg5 Bxd1 48. Kxd3 Rb3+ 49. Kd2 Bf3 0-1

[Event "35. DSenEM 65+"]
[Site "Bad Wildungen"]
[Date "2023.07.24"]
[Round "8.41"]
[White "Nemoj, Ilja"]
[Black "Schwarz, Hans"]
[Result "1-0"]
[WhiteElo "1792"]
[BlackElo "1855"]
[PlyCount "89"]
[EventDate "2023.??.??"]
[WhiteTeam "Schachverein Horst-Emscher 31"]
[BlackTeam "SV Rochade Magdeburg 96"]

1. d4 e6 2. Bf4 d5 3. e3 Bd6 4. Bg3 Nf6 5. Bd3 b6 6. c3 Bxg3 7. hxg3 c5 8. Nd2 Nc6 9. Ngf3 Qe7 10. Ne5 Nxe5 11. dxe5 Nd7 12. f4 g6 13. Qe2 Bb7 14. O-O-O O-O-O 15. g4 h6 16. Nf3 Kb8 17. Rh2 Rc8 18. Rdh1 d4 19. c4 Bxf3 20. gxf3 Qf8 21. Kb1 Qg7 22. e4 g5 23. Qd2 f6 24. exf6 Qxf6 25. f5 Ne5 26. Rh3 Rc7 27. f4 Nxd3 28. fxg5 Qe5 29. Qxd3 exf5 30. exf5 Qf4 31. Rxh6 Re8 32. Rh8 Rce7 33. f6 Re6 34. Rxe8+ Rxe8 35. Qf5 Qg3 36. a3 Qg2 37. Qf4+ Kb7 38. Rh7+ Ka6 39. Re7 Rh8 40. Qe4 Qf1+ 41. Qe1 Qd3+ 42. Ka1 Qf3 43. Qe6 Qd1+ 44. Ka2 Rh1 45. Qc8+ 1-0

[Event "35. DSenEM 65+"]
[Site "Bad Wildungen"]
[Date "2023.07.24"]
[Round "8.42"]
[White "Abel, Hans-Peter"]
[Black "Dierkes, Heinrich"]
[Result "1/2-1/2"]
[WhiteElo "1761"]
[BlackElo "1786"]
[PlyCount "34"]
[EventDate "2023.??.??"]
[WhiteTeam "SC Leinfelden"]
[BlackTeam "SK Koenigsspringer Wewelsburg"]

1. c4 Nf6 2. Nc3 e6 3. g3 d5 4. d4 c6 5. b3 Bb4 6. Bd2 O-O 7. e3 Qe7 8. Bg2 Nbd7 9. Nge2 Re8 10. O-O b6 11. Qc2 Ba6 12. a3 Bd6 13. Nb1 Rac8 14. Bb4 c5 15. dxc5 Nxc5 16. Rd1 Nce4 17. Nbc3 Nxc3 1/2-1/2